[Event "NRW Verbandsklasse Group1 1314"]
[Site "Nordrheinwestfalen"]
[Date "2014.03.09"]
[Round "8"]
[White "Matthies, Jochen"]
[Black "Borjini, Mohamed"]
[Result "0-1"]
[WhiteElo "1766"]
[BlackElo "2015"]
[PlyCount "92"]
[EventDate "2013.09.08"]
[EventType "team-tourn"]
[EventRounds "9"]
[EventCountry "GER"]
[SourceTitle "EXT 2020"]
[Source "ChessBase"]
[SourceDate "2019.10.17"]
[SourceVersion "1"]
[SourceVersionDate "2019.10.17"]
[SourceQuality "1"]
[WhiteTeam "Oberhausen SW"]
[BlackTeam "Marten Boevinghausen"]
[WhiteTeamCountry "GER"]
[BlackTeamCountry "GER"]

1. d4 Nf6 2. Nf3 g6 3. c4 Bg7 4. Nc3 0-0 5. Bf4 d6 6. h3 Nbd7 7. e4 c6 8. Be2 Qa5 9. 0-0 e5 10. dxe5 dxe5 11. Be3 Re8 12. Qd2 Bf8 13. Nd5 Qxd2 14. Nxf6+ Nxf6 15. Nxd2 Be6 16. Rfd1 h6 17. f3 Nd7 18. a3 a5 19. Rac1 a4 20. g4 Nc5 21. Rc3 Red8 22. Kg2 f6 23. h4 Rd7 24. Nf1 Rad8 25. Rxd7 Rxd7 26. Kf2 Nb3 27. Ke1 Nd4 28. Bd1 b5 29. cxb5 cxb5 30. Ng3 b4 31. Rc8 Kf7 32. Bxa4 Ra7 33. Be8+ Kg7 34. Rd8 bxa3 35. bxa3 Nc2+ 36. Kf2 Nxe3 37. Kxe3 Rxa3+ 38. Kf2 Bc5+ 39. Kg2 Ra2+ 40. Kh1 Bf2 41. Rd6 Bc4 42. Rc6 Ba6 43. Kg2 Be3+ 44. Kh1 Bf4 45. Rxa6 Rxa6 46. Kg2 Ra2+ 0-1

[Event "Ruhrgebiet VK2 1112"]
[Site "Nordrheinwestfalen"]
[Date "2012.03.04"]
[Round "7"]
[White "Borjini, Mohamed"]
[Black "Nattermueller, Irina"]
[Result "1-0"]
[WhiteElo "2033"]
[BlackElo "2051"]
[PlyCount "81"]
[EventDate "2012.09.18"]
[EventType "team-tourn"]
[EventRounds "9"]
[EventCountry "GER"]
[SourceTitle "EXT 2020"]
[Source "ChessBase"]
[SourceDate "2019.10.17"]
[SourceVersion "1"]
[SourceVersionDate "2019.10.17"]
[SourceQuality "1"]
[WhiteTeam "Marten Boevinghausen"]
[BlackTeam "Ahlen SV II"]
[WhiteTeamCountry "GER"]
[BlackTeamCountry "GER"]

1. d4 d5 2. c4 e6 3. Nc3 c5 4. e3 Nc6 5. Nf3 Nf6 6. Be2 Bd6 7. 0-0 0-0 8. a3 b6 9. b3 Bb7 10. Bb2 Rc8 11. dxc5 bxc5 12. Qc2 a6 13. Rad1 h6 14. cxd5 exd5 15. Kh1 Bb8 16. Na4 Ng4 17. Qf5 Nf6 18. Nxc5 Ne7 19. Nxb7 Qc7 20. Qd3 Qxb7 21. Bxf6 gxf6 22. Qxa6 Qxb3 23. Qxf6 Qxa3 24. Qxh6 Rc6 25. Qh3 Kg7 26. Rd4 Rh8 27. Rh4 Rch6 28. Rxh6 Rxh6 29. Qg4+ Rg6 30. Qd4+ Kg8 31. Ra1 Qd6 32. Ra6 Nc6 33. Qc3 Qd7 34. Nd4 Qb7 35. Bd3 Rh6 36. Rxc6 Rxh2+ 37. Kg1 f6 38. g3 Rh6 39. Nf5 Rh5 40. Qxf6 Qf7 41. Rc8+ 1-0

[Event "Ruhrgebiet VK3 0910"]
[Site "Ruhrgebiet"]
[Date "2009.12.06"]
[Round "4.1"]
[White "Borjini, Mohamed"]
[Black "Dereli, Ismail"]
[Result "1-0"]
[WhiteElo "1982"]
[BlackElo "1873"]
[PlyCount "23"]
[EventDate "2009.09.06"]
[EventType "team"]
[EventRounds "9"]
[EventCountry "GER"]
[SourceTitle "EXT 2011"]
[Source "ChessBase"]
[SourceDate "2010.11.26"]
[SourceVersion "1"]
[SourceVersionDate "2010.11.26"]
[SourceQuality "1"]
[WhiteTeam "Marten Boevinghausen"]
[BlackTeam "Gelsenkirchen"]
[WhiteTeamCountry "GER"]
[BlackTeamCountry "GER"]

1. e4 e6 2. d4 d5 3. Nc3 Bb4 4. e5 c5 5. a3 Bxc3+ 6. bxc3 Ne7 7. Nf3 Nbc6 8. Bd3 Qa5 9. Bd2 Bd7 10. c4 Qa4 11. cxd5 exd5 12. dxc5 1-0

[Event "Ruhrgebiet VK3 0910"]
[Site "Ruhrgebiet"]
[Date "2009.10.04"]
[Round "2.1"]
[White "Borjini, Mohamed"]
[Black "Nautsch, Werner"]
[Result "0-1"]
[WhiteElo "1982"]
[BlackElo "2229"]
[PlyCount "124"]
[EventDate "2009.09.06"]
[EventType "team"]
[EventRounds "9"]
[EventCountry "GER"]
[SourceTitle "EXT 2011"]
[Source "ChessBase"]
[SourceDate "2010.11.26"]
[SourceVersion "1"]
[SourceVersionDate "2010.11.26"]
[SourceQuality "1"]
[WhiteTeam "Marten Boevinghausen"]
[BlackTeam "Katernberg III"]
[WhiteTeamCountry "GER"]
[BlackTeamCountry "GER"]

1. e4 d6 2. d4 Nf6 3. Nc3 g6 4. f3 Bg7 5. Be3 Nc6 6. Nge2 e5 7. d5 Ne7 8. Qd2 0-0 9. Bh6 Ne8 10. h4 f5 11. 0-0-0 f4 12. Bxg7 Nxg7 13. g3 fxg3 14. Nxg3 Rxf3 15. Qg2 Qf8 16. Nf5 Rf4 17. Nxe7+ Qxe7 18. Be2 Rxh4 19. Rxh4 Qxh4 20. Rh1 Qf4+ 21. Kb1 Bd7 22. Rf1 Qh4 23. Rh1 Qe7 24. Nd1 Rf8 25. Ne3 Rf4 26. a3 Ne8 27. Ng4 Bxg4 28. Bxg4 Nf6 29. Be6+ Kf8 30. Qg5 Rxe4 31. Rf1 Rf4 32. Rxf4 exf4 33. Qxf4 Kg7 34. Qa4 a6 35. Qb4 b6 36. Qc4 a5 37. Qc3 h5 38. b3 g5 39. Ka2 Kg6 40. Qd3+ Kh6 41. Qf5 Qg7 42. Kb1 g4 43. Qf4+ Qg5 44. Qc4 g3 45. Bh3 Qxd5 46. Qc3 Qg5 47. Bg2 c5 48. Qd3 Qf4 49. Qb5 Qd2 50. Qc6 b5 51. Qf3 Qf2 52. Qa8 Kg5 53. Qb7 Kf4 54. Qe7 Qd4 55. Qg7 Qe5 56. Qh6+ Kg4 57. Qg6+ Kh4 58. Qd3 b4 59. axb4 axb4 60. Qf1 Ng4 61. Qh1+ Kg5 62. Bf3 h4 0-1

[Event "Dortmund4"]
[Site "Dortmund"]
[Date "2006.05.17"]
[Round "6"]
[White "Borjini, Mohamed"]
[Black "Hardt, Helmut"]
[Result "1-0"]
[WhiteElo "1979"]
[BlackElo "1861"]
[PlyCount "69"]
[EventDate "2006.04.26"]
[EventType "tourn"]
[EventRounds "11"]
[EventCountry "GER"]
[SourceTitle "EXT 2007"]
[Source "ChessBase"]
[SourceDate "2006.11.23"]
[SourceVersion "1"]
[SourceVersionDate "2006.11.23"]
[SourceQuality "1"]

1. e4 d6 2. d4 g6 3. Nc3 a6 4. Be3 Bg7 5. Qd2 b5 6. f3 Nc6 7. Nge2 Nf6 8. Bh6 0-0 9. h4 e5 10. d5 Ne7 11. Ng3 b4 12. Nce2 Bxh6 13. Qxh6 Kh8 14. h5 Neg8 15. Qd2 a5 16. 0-0-0 Ba6 17. Kb1 Rb8 18. Nc1 Bxf1 19. Rdxf1 a4 20. Nd3 b3 21. cxb3 axb3 22. a3 Nd7 23. Nb4 Qf6 24. Nc6 Rb7 25. f4 exf4 26. Rxf4 Qg5 27. Qf2 Ne5 28. hxg6 Nxg6 29. Rf5 Qg4 30. Rfh5 h6 31. Qd4+ f6 32. Nf5 Rf7 33. Rxh6+ Nxh6 34. Rxh6+ Kg8 35. Rxg6+ 1-0

[Event "Dortmund4"]
[Site "Dortmund"]
[Date "2006.05.09"]
[Round "4"]
[White "Borjini, Mohamed"]
[Black "Begna, Bozidar"]
[Result "1/2-1/2"]
[WhiteElo "1979"]
[BlackElo "2002"]
[PlyCount "85"]
[EventDate "2006.04.26"]
[EventType "tourn"]
[EventRounds "11"]
[EventCountry "GER"]
[SourceTitle "EXT 2007"]
[Source "ChessBase"]
[SourceDate "2006.11.23"]
[SourceVersion "1"]
[SourceVersionDate "2006.11.23"]
[SourceQuality "1"]

1. Nf3 Nf6 2. c4 e6 3. d4 Bb4+ 4. Bd2 Qe7 5. g3 Nc6 6. Bg2 Bxd2+ 7. Nbxd2 d6 8. e4 a5 9. 0-0 e5 10. d5 Nb8 11. Ne1 h5 12. Nd3 h4 13. f4 hxg3 14. hxg3 Bh3 15. Bxh3 Rxh3 16. Kg2 Rh6 17. fxe5 dxe5 18. Rf5 Nbd7 19. Rc1 g6 20. Rf1 b6 21. c5 Nxc5 22. Nxc5 bxc5 23. Qf3 Nd7 24. Nc4 f6 25. Rh1 Rxh1 26. Rxh1 Qg7 27. d6 cxd6 28. Nxd6+ Ke7 29. Nc4 Rh8 30. Rd1 Qh7 31. Qg4 Nf8 32. Nxa5 Qh2+ 33. Kf3 Qxb2 34. Nc6+ Kf7 35. Rd7+ Nxd7 36. Qxd7+ Kg8 37. Ne7+ Kf8 38. Nxg6+ Kg8 39. Ne7+ Kf8 40. Ng6+ Kg8 41. Qe7 Rh2 42. Qf8+ Kh7 43. Qh8+ 1/2-1/2

[Event "Dortmund ABC Serie C-23"]
[Site "Dortmund"]
[Date "2005.04.29"]
[Round "4"]
[White "Yanik, Mehmet"]
[Black "Borjini, Mohamed"]
[Result "1/2-1/2"]
[WhiteElo "1957"]
[BlackElo "1973"]
[PlyCount "39"]
[EventDate "2005.04.15"]
[EventType "tourn"]
[EventRounds "7"]
[EventCountry "GER"]
[SourceTitle "EXT 2007"]
[Source "ChessBase"]
[SourceDate "2006.11.23"]
[SourceVersion "1"]
[SourceVersionDate "2006.11.23"]
[SourceQuality "1"]

1. e4 e6 2. d4 d5 3. Nd2 Nf6 4. e5 Nfd7 5. Bd3 c5 6. c3 Nc6 7. Ne2 cxd4 8. cxd4 f6 9. exf6 Nxf6 10. 0-0 Bd6 11. Nf3 0-0 12. Bf4 Bxf4 13. Nxf4 Ne4 14. Nh5 g6 15. Ng3 Nxg3 16. hxg3 Qb6 17. Rc1 Nxd4 18. Nxd4 Qxd4 19. Rc7 Qf6 20. Qc2 1/2-1/2

[Event "Dortmund ABC Serie C-23"]
[Site "Dortmund"]
[Date "2005.04.23"]
[Round "3"]
[White "Borjini, Mohamed"]
[Black "Hartung, Thomas"]
[Result "1-0"]
[WhiteElo "1973"]
[BlackElo "1931"]
[PlyCount "61"]
[EventDate "2005.04.15"]
[EventType "tourn"]
[EventRounds "7"]
[EventCountry "GER"]
[SourceTitle "EXT 2007"]
[Source "ChessBase"]
[SourceDate "2006.11.23"]
[SourceVersion "1"]
[SourceVersionDate "2006.11.23"]
[SourceQuality "1"]

1. d4 Nf6 2. c4 c5 3. Nf3 g6 4. Nc3 cxd4 5. Nxd4 Bg7 6. e4 d6 7. Be2 0-0 8. 0-0 Nc6 9. Be3 Bd7 10. Qd2 Ng4 11. Bxg4 Bxg4 12. f4 Nxd4 13. Bxd4 e5 14. Be3 Be6 15. f5 gxf5 16. exf5 Bxc4 17. Rf3 d5 18. Rg3 Kh8 19. Bc5 Rg8 20. b3 Qa5 21. Be7 d4 22. f6 dxc3 23. Qg5 Qb6+ 24. Kh1 Bh6 25. Qxh6 Rxg3 26. hxg3 Rg8 27. bxc4 Qf2 28. Bf8 Rg6 29. Bg7+ Kg8 30. Qh3 Qc5 31. Qd7 1-0

[Event "Dortmund ABC Serie C-23"]
[Site "Dortmund"]
[Date "2005.04.20"]
[Round "2"]
[White "Naundorf, Maik"]
[Black "Borjini, Mohamed"]
[Result "1/2-1/2"]
[WhiteElo "2074"]
[BlackElo "1973"]
[PlyCount "68"]
[EventDate "2005.04.15"]
[EventType "tourn"]
[EventRounds "7"]
[EventCountry "GER"]
[SourceTitle "EXT 2007"]
[Source "ChessBase"]
[SourceDate "2006.11.23"]
[SourceVersion "1"]
[SourceVersionDate "2006.11.23"]
[SourceQuality "1"]

1. Nf3 Nf6 2. c4 g6 3. b4 Bg7 4. Bb2 0-0 5. e3 d6 6. d4 Nbd7 7. Be2 e5 8. dxe5 Ng4 9. 0-0 Ndxe5 10. Nxe5 Nxe5 11. Bd4 Be6 12. Nd2 f5 13. Rc1 f4 14. exf4 Rxf4 15. Be3 Rf8 16. Nf3 Nxf3+ 17. Bxf3 c6 18. Bg4 Bf7 19. Bd4 Bxd4 20. Qxd4 d5 21. cxd5 Qxd5 22. Qxd5 Bxd5 23. a3 a5 24. Be2 axb4 25. axb4 Rf4 26. b5 Ra2 27. bxc6 bxc6 28. Bf3 Bxf3 29. gxf3 Rxf3 30. Rxc6 Kg7 31. Kg2 Rf5 32. Rc3 h5 33. Rg3 Kf6 34. Rf3 Rxf3 1/2-1/2

[Event "Dortmund ABC Serie C-21"]
[Site "Dortmund"]
[Date "2004.06.12"]
[Round "11"]
[White "Jost, Udo"]
[Black "Borjini, Mohamed"]
[Result "0-1"]
[WhiteElo "1838"]
[BlackElo "1935"]
[PlyCount "54"]
[EventDate "2004.04.23"]
[EventType "tourn"]
[EventRounds "11"]
[EventCountry "GER"]
[SourceTitle "EXT 2006"]
[Source "ChessBase"]
[SourceDate "2005.11.24"]
[SourceVersion "1"]
[SourceVersionDate "2005.11.24"]
[SourceQuality "1"]

1. e4 e6 2. d4 d5 3. Nc3 Nf6 4. e5 Nfd7 5. Nce2 c5 6. c3 Nc6 7. a3 cxd4 8. cxd4 Qb6 9. f4 f6 10. Nf3 Be7 11. Nc3 a6 12. Bd3 0-0 13. h4 fxe5 14. Bxh7+ Kxh7 15. Ng5+ Kg8 16. Nxe6 Nxd4 17. Nxf8 Bxf8 18. Nxd5 Qc6 19. Ne3 exf4 20. Qxd4 fxe3 21. Bxe3 Qxg2 22. Rg1 Qf3 23. Rg5 Nf6 24. Qc4+ Kh8 25. Bd4 Qe4+ 26. Kd2 Be6 27. Rh5+ Kg8 0-1

[Event "Dortmund ABC Serie C-21"]
[Site "Dortmund"]
[Date "2004.06.02"]
[Round "9"]
[White "Lang, Daniel"]
[Black "Borjini, Mohamed"]
[Result "1-0"]
[WhiteElo "1850"]
[BlackElo "1935"]
[PlyCount "74"]
[EventDate "2004.04.23"]
[EventType "tourn"]
[EventRounds "11"]
[EventCountry "GER"]
[SourceTitle "EXT 2006"]
[Source "ChessBase"]
[SourceDate "2005.11.24"]
[SourceVersion "1"]
[SourceVersionDate "2005.11.24"]
[SourceQuality "1"]

1. e4 e6 2. d4 d5 3. Nc3 Nf6 4. Bg5 Be7 5. e5 Nfd7 6. h4 c5 7. Bxe7 Qxe7 8. Nb5 0-0 9. Nc7 Nc6 10. Nxa8 cxd4 11. Nc7 Qb4+ 12. Qd2 Qxb2 13. Rd1 Nb4 14. Bd3 Nxe5 15. Nf3 Nbxd3+ 16. cxd3 Nxf3+ 17. gxf3 Qb6 18. Qc2 Bd7 19. Rb1 Qa5+ 20. Ke2 Ba4 21. Qc1 Bc6 22. Qf4 Qxa2+ 23. Qd2 Qxd2+ 24. Kxd2 a6 25. Rhc1 Rc8 26. Nxa6 g6 27. f4 Kg7 28. Nb4 Kf6 29. Nxc6 bxc6 30. Rc5 Kf5 31. Rb6 Kxf4 32. Rcxc6 Rxc6 33. Rxc6 Kg4 34. Rc7 Kxh4 35. Rxf7 h5 36. Rf6 g5 37. Rxe6 Kg4 1-0

[Event "Dortmund ABC Serie C-21"]
[Site "Dortmund"]
[Date "2004.05.28"]
[Round "8"]
[White "Borjini, Mohamed"]
[Black "Naundorf, Maik"]
[Result "0-1"]
[WhiteElo "1935"]
[BlackElo "2026"]
[PlyCount "80"]
[EventDate "2004.04.23"]
[EventType "tourn"]
[EventRounds "11"]
[EventCountry "GER"]
[SourceTitle "EXT 2006"]
[Source "ChessBase"]
[SourceDate "2005.11.24"]
[SourceVersion "1"]
[SourceVersionDate "2005.11.24"]
[SourceQuality "1"]

1. c4 Nf6 2. Nc3 c5 3. g3 e6 4. Nf3 b6 5. Bg2 Bb7 6. 0-0 a6 7. Re1 Be7 8. e4 d6 9. d4 cxd4 10. Qxd4 Nbd7 11. Bg5 Qc7 12. Rad1 Rc8 13. Bf1 0-0 14. Qd2 Rfd8 15. Bxf6 Nxf6 16. Nd4 Bf8 17. h3 g6 18. Qe3 Bg7 19. f4 Re8 20. Ndb5 axb5 21. Nxb5 Qc5 22. Qxc5 Rxc5 23. Nxd6 Rb8 24. Nxb7 Rxb7 25. Rd8+ Bf8 26. e5 Nh5 27. Kh2 Kg7 28. Re4 Be7 29. Ra8 f5 30. exf6+ Kxf6 31. g4 Ng7 32. b4 Rcc7 33. a3 h5 34. c5 bxc5 35. b5 Ra7 36. Ra4 Rxa8 37. Rxa8 c4 38. b6 Rb7 39. Bxc4 Rxb6 40. Kg3 Rc6 0-1

[Event "Dortmund ABC Serie C-21"]
[Site "Dortmund"]
[Date "2004.05.08"]
[Round "4"]
[White "Borjini, Mohamed"]
[Black "Grube, Joerg"]
[Result "1-0"]
[WhiteElo "1935"]
[BlackElo "1883"]
[PlyCount "47"]
[EventDate "2004.04.23"]
[EventType "tourn"]
[EventRounds "11"]
[EventCountry "GER"]
[SourceTitle "EXT 2006"]
[Source "ChessBase"]
[SourceDate "2005.11.24"]
[SourceVersion "1"]
[SourceVersionDate "2005.11.24"]
[SourceQuality "1"]

1. c4 Nf6 2. d4 g6 3. Nc3 Bg7 4. e4 d6 5. f3 0-0 6. Be3 Nc6 7. Nge2 a6 8. Qd2 Rb8 9. h4 b5 10. cxb5 axb5 11. h5 b4 12. Nd1 Ba6 13. Bh6 Bh8 14. Bxf8 Qxf8 15. hxg6 hxg6 16. Rc1 Bb5 17. d5 Ne5 18. Nd4 Bxf1 19. Kxf1 Qc8 20. Nf2 Qa6+ 21. Kg1 Qxa2 22. Rxc7 Nc4 23. Qc1 Nb6 24. Nc6 1-0

[Event "Dortmund-ch"]
[Site "Dortmund"]
[Date "2004.03.09"]
[Round "5"]
[White "Schiefelbusch, Dirk"]
[Black "Borjini, Mohamed"]
[Result "1/2-1/2"]
[WhiteElo "2103"]
[BlackElo "1918"]
[PlyCount "98"]
[EventDate "2004.03.01"]
[EventType "swiss"]
[EventRounds "9"]
[EventCountry "GER"]
[SourceTitle "EXT 2006"]
[Source "ChessBase"]
[SourceDate "2005.11.24"]
[SourceVersion "1"]
[SourceVersionDate "2005.11.24"]
[SourceQuality "1"]

1. b4 e6 2. Bb2 Nf6 3. b5 d5 4. e3 c5 5. c4 Bd6 6. Nf3 Nbd7 7. Nc3 0-0 8. Be2 dxc4 9. Bxc4 b6 10. 0-0 Bb7 11. Be2 Qc7 12. h3 e5 13. d3 Rad8 14. Qc2 Rfe8 15. Rfd1 e4 16. dxe4 Nxe4 17. Rac1 Ndf6 18. Qb3 Qe7 19. Rf1 Bb8 20. Rcd1 Rxd1 21. Qxd1 Qc7 22. Nxe4 Bxe4 23. Re1 Bxf3 24. Bxf3 Rd8 25. Qc2 Qh2+ 26. Kf1 Be5 27. Bxe5 Qxe5 28. Rd1 Rxd1+ 29. Qxd1 g6 30. g3 Qb2 31. Qa4 Qc1+ 32. Kg2 c4 33. Qxa7 c3 34. Qb8+ Kg7 35. Qe5 Qd2 36. g4 c2 37. g5 c1Q 38. gxf6+ Kh6 39. Qf4+ g5 40. Qg4 Kg6 41. Be4+ Kxf6 42. Qf5+ Ke7 43. Qe5+ Kd8 44. Bc6 Kc8 45. Qe8+ Qd8 46. Qxf7 Qc7 47. Qe8+ Qd8 48. Qf7 Qc7 49. Qe8+ Qd8 1/2-1/2

[Event "Dortmund-ch"]
[Site "Dortmund"]
[Date "2004.03.01"]
[Round "1"]
[White "Gerlach, Andre"]
[Black "Borjini, Mohamed"]
[Result "0-1"]
[WhiteElo "1410"]
[BlackElo "1918"]
[PlyCount "100"]
[EventDate "2004.03.01"]
[EventType "swiss"]
[EventRounds "9"]
[EventCountry "GER"]
[SourceTitle "EXT 2006"]
[Source "ChessBase"]
[SourceDate "2005.11.24"]
[SourceVersion "1"]
[SourceVersionDate "2005.11.24"]
[SourceQuality "1"]

1. d4 Nf6 2. c4 e6 3. Nc3 d5 4. Bg5 Be7 5. e3 0-0 6. Nf3 h6 7. Bh4 Ne4 8. Bxe7 Qxe7 9. Bd3 Nxc3 10. bxc3 Nd7 11. 0-0 c6 12. Ne5 Nxe5 13. dxe5 dxc4 14. Bxc4 b5 15. Bb3 Rd8 16. Qc2 c5 17. a4 b4 18. cxb4 cxb4 19. f4 Ba6 20. Rfd1 Rdc8 21. Qb2 Rc3 22. Re1 Qc5 23. Kf2 Rc8 24. Qb1 Bd3 25. Qb2 Bc2 26. Rad1 Rxb3 27. Qd4 Bxd1 28. Qxc5 Rxc5 29. Rxd1 Rb2+ 30. Kf3 b3 31. Rd8+ Kh7 32. Rd7 Rb1 33. Rxf7 b2 34. Rb7 Rf1+ 35. Kg4 b1Q 36. Rxb1 Rxb1 37. h4 Rg1 38. g3 Rc2 39. f5 exf5+ 40. Kxf5 Rxg3 41. e4 Re2 42. e6 Rge3 43. e7 Rxe4 44. e8B Rxe8 45. h5 Rf8+ 46. Kg4 Rg2+ 47. Kh3 Rg5 48. Kh2 Rf1 49. a5 a6 50. Kh3 Rh1# 0-1

[Event "Dortmund9"]
[Site "Dortmund"]
[Date "2003.10.22"]
[Round "4"]
[White "Hartung, Thomas"]
[Black "Borjini, Mohamed"]
[Result "1/2-1/2"]
[WhiteElo "1908"]
[BlackElo "1875"]
[PlyCount "49"]
[EventDate "2003.10.08"]
[EventType "tourn"]
[EventRounds "11"]
[EventCountry "GER"]
[SourceTitle "EXT 2007"]
[Source "ChessBase"]
[SourceDate "2006.11.23"]
[SourceVersion "1"]
[SourceVersionDate "2006.11.23"]
[SourceQuality "1"]

1. e4 g6 2. d4 Bg7 3. Nc3 d6 4. Bg5 c5 5. Bb5+ Bd7 6. Bxd7+ Nxd7 7. Nge2 cxd4 8. Nxd4 Ngf6 9. 0-0 0-0 10. Qd2 Ne5 11. Bh6 Nc4 12. Qc1 Qa5 13. Bxg7 Kxg7 14. Nb3 Qb6 15. Nd5 Nxd5 16. exd5 e5 17. Nd2 Nxd2 18. Qxd2 f5 19. c4 Rac8 20. Rac1 a5 21. Rc3 Rc5 22. Rh3 f4 23. b3 Qc7 24. Rf3 Qd7 25. Rc1 1/2-1/2

[Event "Dortmund5"]
[Site "Dortmund"]
[Date "2003.04.12"]
[Round "4"]
[White "Borjini, Mohamed"]
[Black "Hayani Dhibi, Lahcen"]
[Result "1-0"]
[WhiteElo "1805"]
[BlackElo "1853"]
[PlyCount "51"]
[EventDate "2003.03.28"]
[EventType "tourn"]
[EventRounds "11"]
[EventCountry "GER"]
[SourceTitle "EXT 2007"]
[Source "ChessBase"]
[SourceDate "2006.11.23"]
[SourceVersion "1"]
[SourceVersionDate "2006.11.23"]
[SourceQuality "1"]

1. e4 c5 2. Nf3 d6 3. d4 cxd4 4. Nxd4 Nf6 5. Nc3 a6 6. Bg5 e6 7. Qd2 Be7 8. f3 Nc6 9. 0-0-0 h6 10. Be3 d5 11. exd5 exd5 12. Nb3 Be6 13. Kb1 Rc8 14. Qf2 Ne5 15. Bb6 Qd7 16. g4 Bb4 17. Bd4 Bd6 18. h3 b5 19. f4 Nexg4 20. hxg4 Nxg4 21. Qf3 b4 22. Nxd5 Qc6 23. Bg2 Qxc2+ 24. Ka1 Qg6 25. Nb6 Rc2 26. Qa8+ 1-0

[Event "Dortmund5"]
[Site "Dortmund"]
[Date "2003.04.09"]
[Round "8"]
[White "Borjini, Mohamed"]
[Black "Naundorf, Maik"]
[Result "0-1"]
[WhiteElo "1805"]
[BlackElo "1977"]
[PlyCount "87"]
[EventDate "2003.03.28"]
[EventType "tourn"]
[EventRounds "11"]
[EventCountry "GER"]
[SourceTitle "EXT 2007"]
[Source "ChessBase"]
[SourceDate "2006.11.23"]
[SourceVersion "1"]
[SourceVersionDate "2006.11.23"]
[SourceQuality "1"]

1. e4 d6 2. d4 Nf6 3. Nc3 Nbd7 4. Nf3 e5 5. Be2 Be7 6. 0-0 c6 7. a4 Qc7 8. h3 h6 9. Be3 g5 10. Nh2 Nf8 11. Ng4 N6d7 12. Bc4 h5 13. Nh2 Nb6 14. Bb3 a5 15. Qf3 Ne6 16. d5 Nf4 17. dxc6 bxc6 18. Bxf7+ Kxf7 19. g3 Be6 20. gxf4 gxf4 21. Kh1 Nd7 22. Rg1 Nf6 23. Bxf4 exf4 24. Qxf4 Raf8 25. Nf3 Ke8 26. Ng5 Bd7 27. Qe3 h4 28. f4 Nh5 29. Ne2 c5 30. f5 Bf6 31. c3 Be5 32. Qd3 Qb7 33. Rg2 Kd8 34. Qc4 Ke7 35. Ne6 Rf7 36. Rd1 Qc6 37. b3 Nf6 38. N2f4 Bxf4 39. Nxf4 Rhh7 40. Ng6+ Kd8 41. Re1 Nh5 42. Kg1 Kc7 43. Rg4 Nf6 44. Nxh4 0-1